Industry, society, and change (Бичлэгийн дугаар. 145763)
| 000 -УДИРДЛАГА | |
|---|---|
| Удирдлага | 00873nam a22003017a 4500 |
| 003 - ХЯНАЛТЫН ТОО ТОДОРХОЙЛОГЧ | |
| Код | MN-UlNUM |
| 005 - БИЧИЛТ ХИЙСЭН ОГНОО | |
| Тухайн бичилтийг бичсэн засварласан сүүлийн огноо | 20251127110319.0 |
| 008 - ЕРӨНХИЙ МЭДЭЭЛЭЛ | |
| Ерөнхий мэдээлэл | 251127s1991 nyua||b| |||| 001 0 eng | |
| 020 ## - ISBN | |
| ISBN | 0070611742 |
| 040 ## - БИЧЛЭГ ҮҮСГЭГЧ БАЙГУУЛЛАГА | |
| Бичлэг үүсгэгч номын сангийн код | МУИС-ийн номын сан |
| 084 ## - ББК АНГИЛАЛ | |
| Нэмэлт тусгалт | Нэг сэдэвт бүтээл |
| ББК ангилал | 71.05 |
| Зохиогчийн гурван тэмдэгт | S 82 |
| Мэдлэгийн ялгаа | 71 - Соёл |
| 100 1# - ЗОХИОГЧ | |
| Зохиогчийн нэр | Steiner, John F. |
| 245 10 - ҮНДСЭН ГАРЧИГ | |
| Номын нэр | Industry, society, and change |
| Бага гарчгийн мэдээ | A casebook |
| Оролцогчдын тухай мэдээ | John F. Steiner. |
| 260 ## - ГАРАЛТЫН МЭДЭЭ | |
| Хэвлэгдсэн газар | New York : |
| Хэвлэлийн газар | McGraw-Hill, |
| Хэвлэгдсэн он | 1991. |
| 300 ## - МАТЕРИАЛЫН ТОДОРХОЙЛОЛТ | |
| хуудасны тоо | xiv, 329 p. : |
| Бусад тоон мэдээлэл | ill. ; |
| Хэмжээ | 24 cm. |
| 500 ## - Тайлбар | |
| Дансны дугаар | БС 4206 |
| 546 ## - ХЭЛНИЙ ТУХАЙ МЭДЭЭ | |
| Хэл | Англи хэл дээр, |
| 653 ## - Түлхүүр үг | |
| Түлхүүр үг | industries |
| 653 ## - Түлхүүр үг | |
| Түлхүүр үг | social aspects |
| 653 ## - Түлхүүр үг | |
| Түлхүүр үг | united States |
| 653 ## - Түлхүүр үг | |
| Түлхүүр үг | case studies |
| 740 ## - НОМЫН ГАРЧИГ | |
| Гарчиг | John D.Rockekefeller and the standard oil trust |
| 740 ## - НОМЫН ГАРЧИГ | |
| Гарчиг | Every man a king: The populism of Huey long |
| 740 ## - НОМЫН ГАРЧИГ | |
| Гарчиг | Deregulation of the airline industry |
| 740 ## - НОМЫН ГАРЧИГ | |
| Гарчиг | Factory farming |
| 942 ## - ЭЛЕМЕНТИЙН ТӨРӨЛ | |
| Зүйлийн төрөл | Ном |
